01417nam a2200409 i 450000100060000000300080000600500170001400600190003100700150005000800410006502000180010602000270012403500230015103500240017403500250019803500210022304000310024405000220027508200140029724500920031126400380040330000400044133600310048133700330051233800430054549000290058850000230061750400290064058801260066965000100079565000210080565500270082670000390085370000220089283000310091485600620094554681FlNmELB20241216232709.0m o d | cr cnu||||||||140819s2013 sp ob 001 0 spa d z9788446038979 a9788446038986 (e-book) a(MiAaPQ)EBC3221258 a(Au-PeEL)EBL3221258 a(CaPaEBR)ebr10889480 a(OCoLC)992039252 aFINmELBbspaerdacFINmELB 4aHG3701bH117 20130 a332.722300aQué hacemos con la deuda /cBibiana Medialdea (coord.) ; Nacho Álvarez [y otros 3]. 1aMadrid :bEdiciones Akal,c[2013] a1 recurso en línea (70 páginas) atextobtxt2rdacontent/spa acomputadorabc2rdamedia/spa arecurso en líneabcr2rdacarrier/spa1 aAkal qué hacemos ;v13 aContiene índice. aContiene bibliografía. aDescripción basada en recurso en línea; Título de la página del título en PDF (e-libro, visto august 19, 2014). 0aDebt. 4aDeuda pública. 4aLibros electrónicos.1 aMedialdea, Bibiana,ecoordinadora.1 aÁlvarez, Nacho. 0aAkal qué hacemos. ;v13.40uhttps://elibro.net/ereader/politecnicointernacional/49694